EPIC the Musical: Warrior of the Mind - Statistics

General Stats
  • This quiz has been taken 955 times
  • The average score is 304 of 353
Answer Stats
Hint Answer % Correct
you
99%
Odysseus: You
99%
a
98%
A
98%
for
98%
go
98%
I
98%
the
98%
Odysseus: Athena!
97%
Athena
97%
of
97%
your
97%
war
96%
be
95%
Athena: Have
95%
have
95%
Let
95%
me
95%
mind
95%
This
95%
this
95%
warrior
95%
Goddess
94%
goddess
94%
he
94%
He
94%
My
94%
my
94%
one
94%
One
94%
see
93%
to
93%
we
93%
We
93%
And
92%
and
92%
day
92%
how
92%
Athena: How
92%
is
92%
we'll
92%
Athena: Well
92%
well
92%
Athena: We'll
92%
best
91%
forgotten
91%
Odysseus: Let's
91%
let's
91%
Athena: Maybe
91%
maybe
91%
can
90%
wisdom
90%
know
89%
lessons
89%
master
89%
not
89%
do
88%
make
88%
Both: Make
88%
mission
88%
skill
88%
are
87%
boy
87%
has
87%
I'll
87%
life
87%
remind
87%
test
87%
you're
87%
create
86%
greatest
86%
had
86%
taught
86%
challenge
85%
came
84%
could
84%
don't
84%
Don't
84%
tomorrow
84%
will
84%
fell
83%
kill
83%
spell
83%
greater
82%
heart
82%
If
82%
in
82%
name
82%
only
82%
thrill
82%
designed
81%
first
81%
same
81%
Odysseus: Show
81%
show
81%
So
81%
teach
81%
then
81%
through
81%
two
81%
what's
81%
arena
80%
but
80%
game
80%
Odysseus: Haha!
80%
he'll
80%
Athena: Nice
80%
play
80%
try
80%
was
80%
yourself
80%
bluff
79%
boar
79%
from
79%
honest
79%
magic
79%
modest
79%
off
79%
purpose
79%
watching
79%
done
78%
lying
78%
turn
78%
Badass
77%
follow
77%
answer
76%
I've
76%
changing
75%
world
75%
as
74%
change
74%
him
74%
looking
74%
mentor
74%
problem
74%
whose
74%
reach
73%
sure
73%
there's
73%
'cause
72%
friends
72%
it
72%
man
72%
own
72%
they'll
71%
queen
70%
build
69%
enlighten
69%
Odysseus: Nah
69%
seen
69%
spent
69%
warriors
69%
boar's
68%
ends
68%
skills
68%
time's
68%
where
68%
we've
67%
Bestest
66%
Odysseus: Okay
66%
plan
66%
them
66%
like
65%
his
64%
rivalled
64%
Odysseus: Sounds
64%
that
63%
strategies
62%
Unmatched
61%
disappoint
60%
forget
59%
witty
56%
kind
55%
special
55%
Hahahaha
54%
very
54%
fall
53%
behind
51%
their
50%
intend
41%
still
38%
No matching quizzes found
Score Distribution
Percent of People with Each Score
Percentile by Number Answered
Your Score History
You have not taken this quiz